Patron Saints of European Countries by Emoji: A-I - Statistics

General Stats
  • This quiz has been taken 17 times
  • The average score is 6 of 16
Answer Stats
Hint Answer % Correct
๐Ÿ‡ฎ๐Ÿ‡ชโ˜˜๏ธโžก๏ธ๐Ÿ๐Ÿ Patrick
94%
๐Ÿ‡ฎ๐Ÿ‡น๐Ÿ’ฐ๐Ÿšซ๐Ÿ—ฃ๏ธ๐Ÿฆโ€โฌ›๐Ÿฆโ€โฌ› Francis
65%
๐Ÿ‡ซ๐Ÿ‡ท๐Ÿ—ก๏ธโšœ๏ธ๐Ÿณ๏ธ๐Ÿ”ฅ๐Ÿ˜ต Joan of Arc
65%
๐Ÿ‡ฌ๐Ÿ‡ท๐ŸŸก๐ŸŸก๐ŸŸก๐ŸŽ…โ›ต๏ธ Nicholas
65%
๐Ÿ‡ฎ๐Ÿ‡ณ๐Ÿ“๐Ÿ‘ถ๐Ÿ‘ถ๐Ÿคจ Thomas
47%
๐Ÿ‡ง๐Ÿ‡ชโž•๐Ÿ‡ญ๐Ÿ‡ทโž•๐Ÿ‡ฆ๐Ÿ‡น๐Ÿ“๐Ÿ•Š๏ธ๐Ÿ•Š๏ธ๐Ÿง‘โ€๐Ÿง‘โ€๐Ÿง’ ๐Ÿ˜Œ๐Ÿ’€ Joseph
41%
๐Ÿ‡ฆ๐Ÿ‡ฑ๐Ÿคฑ๐Ÿ‘๐Ÿ—ฃ๏ธ Virgin Mary/Our Lady of Good Counsel
41%
๐Ÿ‡ฆ๐Ÿ‡ฉ๐Ÿ‘ธ๐Ÿคฑ๐Ÿช‘๐ŸŒน Virgin Mary/Our Lady of Meritxell
41%
๐Ÿ‡ฉ๐Ÿ‡ช๐Ÿ‘ฎโ€โ™‚๏ธโš–๏ธ๐Ÿ›ก๏ธ๐Ÿ—ก๏ธ๐Ÿ‰ Michael
35%
๐Ÿ‡ง๐Ÿ‡ฌโž•๐Ÿ‡จ๐Ÿ‡ฟโž•๐Ÿ‡ญ๐Ÿ‡บ๐Ÿ“–๐Ÿ”คโžก๏ธ๐Ÿ‡ท๐Ÿ‡บ๐Ÿ”ค๐Ÿ“– Cyril and Methodius
29%
๐Ÿ‡จ๐Ÿ‡พ๐Ÿ˜ต๐ŸŒ„๐ŸŒ„๐ŸŒ„๐ŸŒ„โœ๏ธโžก๏ธ๐Ÿ˜ฎ Lazarus
29%
๐Ÿ‡ง๐Ÿ‡ฆ๐Ÿฆโ€โฌ›๐ŸŽ—๏ธ๐Ÿ”ฅ๐ŸŽ๏ธ Elijah
6%
๐Ÿ‡ซ๐Ÿ‡ฎ๐Ÿ˜’๐Ÿช“โ›ช๏ธโ›ช๏ธ Henry/Henry of Uppsala
6%
๐Ÿ‡ฎ๐Ÿ‡ธ๐ŸŸ๐Ÿฅ”๐ŸŽ„ Thorlac/Thorlac Thorhallsson
6%
๐ŸŒŠ๐Ÿช‘๐Ÿ—ก๏ธ๐Ÿ‘‘๐Ÿ› Canute
0%
๐Ÿ‡ง๐Ÿ‡พ๐Ÿ“–๐Ÿชถโžก๏ธ๐Ÿ“–โžก๏ธ๐Ÿ’ฐโžก๏ธ๐Ÿคฒ Euphrosyne/Euphrosyne of Polotsk
0%
No matching quizzes found
Score Distribution
Percent of People with Each Score
Percentile by Number Answered
Your Score History
You have not taken this quiz